LEADER 04861nam 22007095 450 001 9910831010503321 005 20260313130415.0 010 $a981-9963-49-4 024 7 $a10.1007/978-981-99-6349-2 035 $a(MiAaPQ)EBC31098156 035 $a(Au-PeEL)EBL31098156 035 $a(MiAaPQ)EBC31132790 035 $a(Au-PeEL)EBL31132790 035 $a(CKB)30181885800041 035 $a(DE-He213)978-981-99-6349-2 035 $a(OCoLC)1422249233 035 $a(EXLCZ)9930181885800041 100 $a20240131d2023 u| 0 101 0 $aeng 135 $aurcnu|||||||| 181 $ctxt$2rdacontent 182 $cc$2rdamedia 183 $acr$2rdacarrier 200 10$aSemigroups, Algebras and Operator Theory $eICSAOT 2022, CUSAT, India, March 28?31 /$fedited by A. A. Ambily, V. B. Kiran Kumar 205 $a1st ed. 2023. 210 1$aSingapore :$cSpringer Nature Singapore :$cImprint: Springer,$d2023. 215 $a1 online resource (274 pages) 225 1 $aSpringer Proceedings in Mathematics & Statistics,$x2194-1017 ;$v436 311 08$aPrint version: Ambily, A. A. Semigroups, Algebras and Operator Theory Singapore : Springer Singapore Pte. Limited,c2024 9789819963485 320 $aIncludes bibliographical references. 327 $aP.A. Azeef Muhammed and C. S. Preenu, Cross-connections in Clifford semigroups -- I.M. Evseev and A.E. Guterman, A range of the multidimensional permanent on (0,1)-matrices -- Nikita V. Kitov and Mikhail V. Volkov, Identities in twisted Brauer monoids -- Alanka Thomas and P.G. Romeo, Group lattices over division rings -- M. N. N. Namboodiri, Structure Of The Semi-group Of Regular Probability Measures On Locally Compact Hausdorff Topological Semiroups -- P. Panjarikea, K. Syam Prasad, M. Al-ahan, V. Bhatta and H. Panackal, On lattice vector spaces over a distributive lattice -- Mark V. Lawson, Non-commutative Stone duality -- A R Rajan, Compatible and Discrete Normal Categories -- S. N. Arjun and P. G. Romeo, On category of Lie algebras -- K.V. Didimos, Application of Geometric Algebra to Koga?s Work on Quantum Mechanics -- R. Salvankar, K. Babushri Srinivas, H. Panackal, and K. S. Prasad, Generalised essential submodule graph of an R-module -- A. Babu and N. Asharaf, Numerical solution of one-dimensional hyperbolic telegraph equation using collocation of cubic B-splines -- G. Krishna Kumar and J. Augustine -- (n, )-Condition Spectrum of Operator Pencils -- W. Bauer and R. Fulsche, Resolvent algebra in Fock-Bargmann representation. 330 $aThis book contains chapters on a range of topics in mathematics and mathematical physics, including semigroups, algebras, operator theory and quantum mechanics, most of them have been presented at the International Conference on Semigroup, Algebras, and Operator Theory (ICSAOT-22), held at Cochin, Kerala, India, from 28?31 March 2022. It highlights the significance of semigroup theory in different areas of mathematics and delves into various themes that demonstrate the subject?s diverse nature and practical applications. One of the key features of the book is its focus on the relationship between geometric algebra and quantum mechanics. The book offers both theoretical and numerical approximation results, presenting a comprehensive overview of the subject. It covers a variety of topics, ranging from C?-algebraic models to numerical solutions for partial differential equations. The content of the book is suitable for active researchers and graduate students who are just beginning their studies in the field. It offers insights and practical applications that would be valuable to anyone interested in the mathematical foundations of physics and related fields. Overall, this book provides an excellent resource for anyone seeking to deepen their understanding of the intersections between mathematics and physics. 410 0$aSpringer Proceedings in Mathematics & Statistics,$x2194-1017 ;$v436 606 $aGroup theory 606 $aAlgebra 606 $aOperator theory 606 $aGroup Theory and Generalizations 606 $aAlgebra 606 $aOperator Theory 606 $aSemigrups$2thub 606 $aÀlgebra$2thub 606 $aTeoria d'operadors$2thub 608 $aLlibres electrònics$2thub 615 0$aGroup theory. 615 0$aAlgebra. 615 0$aOperator theory. 615 14$aGroup Theory and Generalizations. 615 24$aAlgebra. 615 24$aOperator Theory. 615 7$aSemigrups 615 7$aÀlgebra 615 7$aTeoria d'operadors 676 $a512.27 702 $aAmbily$b A. A. 702 $aKiran Kumar$b V. B. 801 0$bMiAaPQ 801 1$bMiAaPQ 801 2$bMiAaPQ 906 $aBOOK 912 $a9910831010503321 996 $aSemigroups, Algebras and Operator Theory$93970415 997 $aUNINA